[Event "Verbandsliga MVP 2013-14"]
[Site "MVP"]
[Date "2014.03.16"]
[Round "7.8"]
[White "Popp, Michael"]
[Black "Malchau, Jochen"]
[Result "1/2-1/2"]
[WhiteElo "1721"]
[BlackElo "1550"]
[PlyCount "76"]
[EventDate "2013.??.??"]
[EventType "team-tourn"]
[EventRounds "9"]
[EventCountry "GER"]
[SourceDate "2013.10.20"]
[WhiteTeam "SF Schwerin II"]
[BlackTeam "Greifswalder SV II"]
[WhiteTeamCountry "GER"]
[BlackTeamCountry "GER"]

1. e4 e5 2. Nf3 Nf6 3. Nxe5 d6 4. Nf3 Nxe4 5. d4 d5 6. Bd3 Be7 7. O-O O-O 8. c4
Nf6 9. Nc3 c6 10. Ne5 Re8 11. Bg5 h6 12. Bh4 Nbd7 13. Bg3 Nf8 14. c5 Bd7 15.
Qc2 Nh5 16. Ne2 Nxg3 17. Nxg3 Bf6 18. f4 Qc7 19. Nh5 Bxe5 20. fxe5 Bg4 21. Be2
Bxe2 22. Qxe2 Re6 23. Rf3 Ng6 24. Raf1 Rf8 25. Qd2 Qe7 26. Rg3 Kh7 27. Qd3 Kh8
28. Qe3 Qh4 29. Nf4 Nxf4 30. Rxf4 Qh5 31. h3 Rg6 32. Rfg4 Qf5 33. Rxg6 fxg6 34.
Rf3 Qb1+ 35. Kh2 Rxf3 36. Qxf3 Qe1 37. Qg4 Kh7 38. Qf4 h5 1/2-1/2

[Event "Verbandsliga MVP 2013-14"]
[Site "MVP"]
[Date "2014.03.16"]
[Round "7.1"]
[White "Schinke, Andreas"]
[Black "Hanisch, Sebastian"]
[Result "0-1"]
[WhiteElo "2061"]
[BlackElo "2045"]
[PlyCount "61"]
[EventDate "2013.??.??"]
[EventType "team-tourn"]
[EventRounds "9"]
[EventCountry "GER"]
[SourceDate "2013.10.20"]
[WhiteTeam "SV Blau-Weiß Grevesmühlen"]
[BlackTeam "SF Schwerin III"]
[WhiteTeamCountry "GER"]
[BlackTeamCountry "GER"]

1. d4 Nf6 2. Nc3 d5 3. Bg5 Bf5 4. Nf3 Nbd7 5. e3 e6 6. Nh4 Bg4 7. f3 Bh5 8. g4
Bg6 9. Qd2 Bb4 10. a3 Be7 11. O-O-O c6 12. Be2 b5 13. Nxg6 hxg6 14. Nb1 Qb6 15.
Qd3 Rb8 16. h4 a5 17. e4 c5 18. e5 c4 19. Qe3 Ng8 20. h5 gxh5 21. gxh5 b4 22.
a4 Qc6 23. h6 gxh6 24. Bxh6 Rxh6 25. Rxh6 Nxh6 26. Qxh6 Qxa4 27. f4 Qa1 28. Kd2
Qxb2 29. f5 Qxd4+ 30. Kc1 Qxe5 31. fxe6 0-1

[Event "Verbandsliga MVP 2013-14"]
[Site "MVP"]
[Date "2014.03.16"]
[Round "7.2"]
[White "Wagner, Ralph"]
[Black "Boehme, Andy"]
[Result "1-0"]
[WhiteElo "2037"]
[BlackElo "1995"]
[PlyCount "161"]
[EventDate "2013.??.??"]
[EventType "team-tourn"]
[EventRounds "9"]
[EventCountry "GER"]
[SourceDate "2013.10.20"]
[WhiteTeam "SF Schwerin III"]
[BlackTeam "SV Blau-Weiß Grevesmühlen"]
[WhiteTeamCountry "GER"]
[BlackTeamCountry "GER"]

1. c4 Nc6 2. Nc3 Nf6 3. d4 e5 4. d5 Ne7 5. h4 h5 6. Bg5 Ng6 7. e3 Bb4 8. Nge2
Bxc3+ 9. Nxc3 d6 10. Ne4 Bf5 11. Ng3 Bg4 12. Be2 Qc8 13. Bxf6 gxf6 14. Nxh5
Bxh5 15. Bxh5 Qf5 16. Bxg6 fxg6 17. Qe2 O-O-O 18. g4 Qd7 19. O-O-O Rh7 20. Rh2
Rdh8 21. Rdh1 b6 22. f3 a5 23. Qg2 Qa4 24. b3 Qa3+ 25. Kb1 a4 26. Qc2 axb3 27.
axb3 Kb7 28. Qb2 Qb4 29. Kc2 c6 30. dxc6+ Kxc6 31. Qc3 Qxc3+ 32. Kxc3 b5 33. h5
bxc4 34. hxg6 Rxh2 35. Rxh2 Rg8 36. bxc4 Rxg6 37. Kd3 d5 38. Ra2 e4+ 39. fxe4
dxc4+ 40. Kd4 Rxg4 41. Ra6+ Kb5 42. Rxf6 c3 43. Rf8 Kc6 44. Rc8+ Kd6 45. Rxc3 {
Theoretisch Remis lt. ShredderDB!} Rh4 46. Ra3 Rh1 47. Ra6+ Ke7 48. Kd5 Rd1+
49. Ke5 Rd3 50. Ra7+ Kf8 51. Kf4 Rd1 52. e5 Rf1+ 53. Ke4 Rh1 54. e6 Rh5 55. Kd4
Ke8 56. e4 Rg5 57. Rf7 Ra5 58. Rf5 Ra4+ 59. Ke5 Rb4 60. Rg5 Rb1 61. Rg8+ Ke7
62. Rg7+ Ke8 63. Rc7 Ra1 64. Rh7 Rb1 65. e7 Ra1 66. Kf5 Rb1 67. e5 Kd7 68.
e8=Q+ Kxe8 69. Kf6 Rf1+ 70. Ke6 Kd8 $2 {der Verlustzug, 70....Kf8 macht remis}
71. Rh8+ Kc7 72. Ke7 Rf5 73. e6 Rf1 74. Rh4 Rf2 75. Rc4+ Kb7 76. Ke8 Rf3 77. e7
Rf2 78. Kd7 Rd2+ 79. Ke6 Re2+ 80. Kd6 Kb8 81. Rc5 1-0

[Event "Verbandsliga MVP 2013-14"]
[Site "MVP"]
[Date "2014.03.16"]
[Round "7.3"]
[White "Kross, Gunnar"]
[Black "Hasselmann, Dieter"]
[Result "0-1"]
[WhiteElo "1972"]
[BlackElo "2030"]
[PlyCount "68"]
[EventDate "2013.??.??"]
[EventType "team-tourn"]
[EventRounds "9"]
[EventCountry "GER"]
[SourceDate "2013.10.20"]
[WhiteTeam "SV Blau-Weiß Grevesmühlen"]
[BlackTeam "SF Schwerin III"]
[WhiteTeamCountry "GER"]
[BlackTeamCountry "GER"]

1. d4 d5 2. c4 e6 3. Nc3 Be7 4. Nf3 Nf6 5. e3 O-O 6. Qc2 a6 7. a3 Nbd7 8. Be2
dxc4 9. Bxc4 b5 10. Bd3 c5 11. O-O Bb7 12. e4 cxd4 13. Ne2 e5 14. Ng3 Rc8 15.
Qe2 Re8 16. b4 Qc7 17. Bd2 Nb6 18. Nf5 Bf8 19. Bg5 Nfd7 20. N3h4 f6 21. Bd2 Nc4
22. Qg4 Ndb6 23. Bh6 Nd6 24. Nxd6 Qxd6 25. Nf5 Qd7 26. Rac1 g6 27. Qg3 Bxh6 28.
Nxh6+ Kg7 29. Nf5+ Kh8 30. Nh6 Rxc1 31. Rxc1 Rc8 32. Rc5 Na4 33. Rxc8+ Qxc8 34.
h4 Qc1+ 0-1

[Event "Verbandsliga MVP 2013-14"]
[Site "MVP"]
[Date "2014.03.16"]
[Round "7.4"]
[White "Kunze, Kerstin"]
[Black "Naujok, Joerg"]
[Result "1/2-1/2"]
[WhiteElo "2045"]
[BlackElo "1931"]
[PlyCount "49"]
[EventDate "2013.??.??"]
[EventType "team-tourn"]
[EventRounds "9"]
[EventCountry "GER"]
[SourceDate "2013.10.20"]
[WhiteTeam "SF Schwerin III"]
[BlackTeam "SV Blau-Weiß Grevesmühlen"]
[WhiteTeamCountry "GER"]
[BlackTeamCountry "GER"]

1. g3 g6 2. Bg2 Bg7 3. c4 c6 4. Nc3 d6 5. d4 Nd7 6. Nf3 Ngf6 7. O-O O-O 8. Qc2
e5 9. Rd1 Qc7 10. b3 Re8 11. e3 e4 12. Ne1 d5 13. cxd5 cxd5 14. Nxe4 Qxc2 15.
Nxf6+ Nxf6 16. Nxc2 a5 17. Bb2 Bf5 18. Na3 Bd7 19. Bf1 Rec8 20. Rac1 Bf8 21.
Rxc8 Rxc8 22. Rc1 Ne4 23. Rxc8 Bxc8 24. Bd3 Bf5 25. Bxe4 1/2-1/2

[Event "Verbandsliga MVP 2013-14"]
[Site "MVP"]
[Date "2014.03.16"]
[Round "7.5"]
[White "Stiegler, Maik"]
[Black "Helms, Sven"]
[Result "1/2-1/2"]
[WhiteElo "1897"]
[BlackElo "1907"]
[PlyCount "41"]
[EventDate "2013.??.??"]
[EventType "team-tourn"]
[EventRounds "9"]
[EventCountry "GER"]
[SourceDate "2013.10.20"]
[WhiteTeam "SV Blau-Weiß Grevesmühlen"]
[BlackTeam "SF Schwerin III"]
[WhiteTeamCountry "GER"]
[BlackTeamCountry "GER"]

1. d4 e6 2. c4 Nf6 3. Nc3 Bb4 4. Qc2 c5 5. e3 O-O 6. Bd3 d5 7. Nge2 b6 8. O-O
Bb7 9. a3 Bxc3 10. bxc3 Nbd7 11. Ng3 dxc4 12. Bxc4 Qc7 13. Qe2 Rac8 14. Ba6
Bxa6 15. Qxa6 Nd5 16. Bd2 f5 17. e4 fxe4 18. Nxe4 cxd4 19. cxd4 Qc4 20. Qxc4
Rxc4 21. Be3 1/2-1/2

[Event "Verbandsliga MVP 2013-14"]
[Site "MVP"]
[Date "2014.03.16"]
[Round "7.6"]
[White "Kupfernagel, Michael"]
[Black "Wecke, Thoralf"]
[Result "1/2-1/2"]
[WhiteElo "1917"]
[BlackElo "1948"]
[PlyCount "38"]
[EventDate "2013.??.??"]
[EventType "team-tourn"]
[EventRounds "9"]
[EventCountry "GER"]
[SourceDate "2013.10.20"]
[WhiteTeam "SF Schwerin III"]
[BlackTeam "SV Blau-Weiß Grevesmühlen"]
[WhiteTeamCountry "GER"]
[BlackTeamCountry "GER"]

1. d4 d6 2. e4 e5 3. Nf3 Nd7 4. Bc4 Be7 5. Nc3 c6 6. O-O b5 7. Bd3 Ngf6 8. a3
O-O 9. Ne2 Qc7 10. Ng3 Nb6 11. b3 Re8 12. Bb2 Bf8 13. Re1 a6 14. c4 Bd7 15. Rc1
bxc4 16. bxc4 c5 17. dxe5 dxe5 18. Qe2 g6 19. Bc2 Bg7 1/2-1/2

[Event "Verbandsliga MVP 2013-14"]
[Site "MVP"]
[Date "2014.03.16"]
[Round "7.7"]
[White "Gareis, Roberto"]
[Black "Hueneburg, Christian"]
[Result "0-1"]
[WhiteElo "1869"]
[BlackElo "2079"]
[PlyCount "100"]
[EventDate "2013.??.??"]
[EventType "team-tourn"]
[EventRounds "9"]
[EventCountry "GER"]
[SourceDate "2013.10.20"]
[WhiteTeam "SV Blau-Weiß Grevesmühlen"]
[BlackTeam "SF Schwerin III"]
[WhiteTeamCountry "GER"]
[BlackTeamCountry "GER"]

1. d4 Nf6 2. e3 b6 3. f4 Bb7 4. Nf3 e6 5. Bd3 Be7 6. Nbd2 c5 7. Qe2 d6 8. c3
Nbd7 9. e4 Qc7 10. e5 Nd5 11. Ne4 cxd4 12. cxd4 dxe5 13. fxe5 Nb4 14. Bg5 Nxd3+
15. Qxd3 Qc6 16. Bxe7 Qxe4+ 17. Qxe4 Bxe4 18. Ba3 Rc8 19. O-O Bxf3 20. gxf3 Nb8
21. Rac1 Kd7 22. Kf2 Rxc1 23. Rxc1 Rc8 24. Rxc8 Kxc8 25. Bf8 g6 26. Ke3 Kb7 27.
Bd6 Nd7 28. b4 Kc6 29. Kd3 a6 30. a4 b5 31. a5 Kd5 32. h4 f6 33. f4 f5 34. Bc7
Kc6 35. Bd6 Kd5 36. Bc7 h6 37. Bd6 Nf6 38. Bf8 Ng4 39. Bc5 h5 40. Bb6 Nh2 41.
Ke3 Kc4 42. Bc5 Nf1+ 43. Ke2 Ng3+ 44. Kf3 Ne4 45. Ke3 Nc3 46. Kf2 Kd3 47. Kf3
Nd5 48. Bf8 Kxd4 49. Bc5+ Kc4 50. Bd6 Nxb4 0-1

[Event "Verbandsliga MVP 2013-14"]
[Site "MVP"]
[Date "2014.03.16"]
[Round "7.8"]
[White "Siegert, Gregor"]
[Black "Haase, Sebastian"]
[Result "1-0"]
[WhiteElo "1859"]
[BlackElo "1700"]
[PlyCount "87"]
[EventDate "2013.??.??"]
[EventType "team-tourn"]
[EventRounds "9"]
[EventCountry "GER"]
[SourceDate "2013.10.20"]
[WhiteTeam "SF Schwerin III"]
[BlackTeam "SV Blau-Weiß Grevesmühlen"]
[WhiteTeamCountry "GER"]
[BlackTeamCountry "GER"]

1. Nf3 Nf6 2. g3 g6 3. Bg2 Bg7 4. O-O d6 5. c4 O-O 6. d4 Nc6 7. Nc3 e5 8. d5
Ne7 9. e4 Ne8 10. b4 f5 11. Nd2 f4 12. g4 g5 13. c5 Ng6 14. f3 Nh4 15. Nc4 Qd7
16. Ba3 h5 17. h3 hxg4 18. hxg4 Kf7 19. b5 Rh8 20. c6 Qe7 21. Kf2 b6 22. Bb2 a6
23. bxa6 Bxa6 24. Qb3 Nf6 25. Nb5 Bxb5 26. Qxb5 Rhb8 27. a4 Ne8 28. Rh1 Qd8 29.
Bf1 Qc8 30. Be2 Bf6 31. Qb3 Ra7 32. Bc3 Raa8 33. Rhd1 Qd8 34. Nxe5+ Bxe5 35.
Bxe5 dxe5 36. d6+ Kf6 37. dxc7 Qxc7 38. Rd7 Qxd7 39. cxd7 Nd6 40. Rd1 Nf7 41.
Qb5 Ng6 42. Bc4 Nd8 43. Rd6+ Kg7 44. Qd5 1-0

[Event "Verbandsliga MVP 2013-14"]
[Site "MVP"]
[Date "2014.04.06"]
[Round "8.1"]
[White "Mehl, Ronald"]
[Black "Ispirjan, Mikael"]
[Result "1-0"]
[WhiteElo "2081"]
[BlackElo "1952"]
[PlyCount "81"]
[EventDate "2013.??.??"]
[EventType "team-tourn"]
[EventRounds "9"]
[EventCountry "GER"]
[SourceDate "2013.10.20"]
[WhiteTeam "FHSG Stralsund"]
[BlackTeam "SAV Torgelow-Drögeheide 90"]
[WhiteTeamCountry "GER"]
[BlackTeamCountry "GER"]

1. d4 Nf6 2. Nf3 c5 3. d5 e6 4. c4 exd5 5. cxd5 d6 6. Nc3 g6 7. e4 Bg7 8. Bb5+
Bd7 9. O-O O-O 10. Bxd7 Qxd7 11. a4 Re8 12. Re1 Na6 13. h3 Nc7 14. Qd3 a6 15.
a5 Nb5 16. Na4 Qc7 17. Nb6 Rad8 18. Nc4 Qe7 19. e5 dxe5 20. Rxe5 Qf8 21. Bg5
Rxe5 22. Nfxe5 Rxd5 23. Qe3 Nd4 24. Bxf6 Bxf6 25. Qe4 Qd8 26. Ng4 Bg7 27. Nb6
Rd6 28. Qxb7 Ne2+ 29. Kh2 f5 30. Re1 Re6 31. Qxa6 Qd6+ 32. g3 Nxg3 33. Qc8+ Kf7
34. Qxe6+ Qxe6 35. Rxe6 Nf1+ 36. Kg2 Kxe6 37. a6 Nd2 38. a7 fxg4 39. a8=Q gxh3+
40. Kxh3 Bd4 41. Qd5+ 1-0

[Event "Verbandsliga MVP 2013-14"]
[Site "MVP"]
[Date "2014.04.06"]
[Round "8.2"]
[White "Zentgraf, Robert"]
[Black "Hubert, Peter"]
[Result "1/2-1/2"]
[WhiteElo "2076"]
[BlackElo "1992"]
[PlyCount "120"]
[EventDate "2013.??.??"]
[EventType "team-tourn"]
[EventRounds "9"]
[EventCountry "GER"]
[SourceDate "2013.10.20"]
[WhiteTeam "SAV Torgelow-Drögeheide 90"]
[BlackTeam "FHSG Stralsund"]
[WhiteTeamCountry "GER"]
[BlackTeamCountry "GER"]

1. d4 Nf6 2. Nf3 d5 3. g3 g6 4. Bg2 Bg7 5. O-O O-O 6. c4 c6 7. cxd5 cxd5 8. Nc3
Nc6 9. Ne5 Nxe5 10. dxe5 Ng4 11. Bxd5 Nxe5 12. Qb3 e6 13. Bg2 Nc6 14. Be3 Nd4
15. Bxd4 Qxd4 16. Rfd1 Qe5 17. Rd2 Rb8 18. a4 Qa5 19. Rad1 a6 20. Qc4 b5 21.
axb5 axb5 22. Qc5 Bb7 23. b4 Qa3 24. Nxb5 Qa4 25. Nc3 Bxc3 26. Qxc3 Bxg2 27.
Kxg2 Qxb4 28. Qxb4 Rxb4 29. Rd7 Rfb8 30. Ra7 R4b7 31. Rd7 Rxa7 32. Rxa7 h5 33.
Kf3 Rb3+ 34. e3 Rb2 35. h3 Kg7 36. Ra4 Rc2 37. g4 hxg4+ 38. hxg4 g5 39. Kg3 Rc3
40. Ra8 Rb3 41. Kf3 Rc3 42. Ra4 Rc2 43. Ra3 Kg6 44. Kg3 Rc1 45. Kf3 Rc4 46. Ra8
Kg7 47. Ra5 Kg6 48. Re5 Rc1 49. Kg3 Rg1+ 50. Kh3 Rh1+ 51. Kg2 Ra1 52. f4 gxf4
53. exf4 Ra3 54. Rg5+ Kh7 55. Kf2 Rb3 56. Re5 Kg6 57. Ke2 Ra3 58. Kf2 Rb3 59.
Rh5 f5 60. Rg5+ Kf6 1/2-1/2

[Event "Verbandsliga MVP 2013-14"]
[Site "MVP"]
[Date "2014.04.06"]
[Round "8.3"]
[White "Kohn, Andreas"]
[Black "Onasch, Paul"]
[Result "1/2-1/2"]
[WhiteElo "1923"]
[BlackElo "2000"]
[PlyCount "62"]
[EventDate "2013.??.??"]
[EventType "team-tourn"]
[EventRounds "9"]
[EventCountry "GER"]
[SourceDate "2013.10.20"]
[WhiteTeam "FHSG Stralsund"]
[BlackTeam "SAV Torgelow-Drögeheide 90"]
[WhiteTeamCountry "GER"]
[BlackTeamCountry "GER"]

1. e4 d5 2. exd5 Qxd5 3. Nc3 Qa5 4. d4 c6 5. Nf3 Nf6 6. Ne5 Be6 7. Bc4 Bxc4 8.
Nxc4 Qc7 9. Qf3 Qd8 10. Be3 e6 11. O-O-O Bb4 12. Bg5 Be7 13. Ne4 Nxe4 14. Bxe7
Qxe7 15. Qxe4 Na6 16. Ne5 O-O-O 17. Rd3 Nc7 18. Ra3 Kb8 19. Rb3 Kc8 20. Rxb7
Kxb7 21. Nxc6 Qg5+ 22. f4 Qd5 23. Nxd8+ Rxd8 24. Qxd5+ Nxd5 25. g3 Kc6 26. Re1
Nb4 27. a3 Nd5 28. Kd2 Nb6 29. Kd3 Kd6 30. c4 Kc6 31. b3 Nd7 1/2-1/2

[Event "Verbandsliga MVP 2013-14"]
[Site "MVP"]
[Date "2014.04.06"]
[Round "8.4"]
[White "Schmekel, Florian"]
[Black "Kohn, Thomas"]
[Result "1-0"]
[WhiteElo "1778"]
[BlackElo "1875"]
[PlyCount "103"]
[EventDate "2013.??.??"]
[EventType "team-tourn"]
[EventRounds "9"]
[EventCountry "GER"]
[SourceDate "2013.10.20"]
[WhiteTeam "SAV Torgelow-Drögeheide 90"]
[BlackTeam "FHSG Stralsund"]
[WhiteTeamCountry "GER"]
[BlackTeamCountry "GER"]

1. d4 Nf6 2. c4 g6 3. Nc3 Bg7 4. e4 d6 5. Be2 O-O 6. Bg5 h6 7. Be3 Nc6 8. Qd2
Kh7 9. h3 e5 10. d5 Nb4 11. a3 Na6 12. b4 c6 13. g4 cxd5 14. cxd5 Nc7 15. g5
Ng8 16. gxh6 Bxh6 17. Bxh6 Nxh6 18. h4 f5 19. Nh3 f4 20. Ng5+ Kg7 21. Qd3 Nf7
22. Nxf7 Kxf7 23. Kd2 Bd7 24. Rag1 Rh8 25. Qf3 Qf6 26. Qg2 Rag8 27. Bg4 Bxg4
28. Qxg4 Rh6 29. Rh3 Rgh8 30. Rgh1 Rh5 31. Ne2 Ke7 32. Rc1 Kd8 33. Rch1 Rf8 34.
Ng1 Rg8 35. Rc3 Qe7 36. Nf3 Qd7 37. Qg2 Nb5 38. Rd3 Rhh8 39. Rc1 a6 40. a4 Nd4
41. Qg5+ Ke8 42. Nxe5 dxe5 43. Qxe5+ Kf8 44. Qf6+ Ke8 45. Rxd4 Rf8 46. Qe5+ Kd8
47. Rdc4 Rh5 48. Rc8+ Qxc8 49. Rxc8+ Kxc8 50. Qe6+ Kd8 51. Qd6+ Ke8 52. Qxg6+
1-0

[Event "Verbandsliga MVP 2013-14"]
[Site "MVP"]
[Date "2014.04.06"]
[Round "8.6"]
[White "Ehlers, Michael"]
[Black "Giese, Lothar"]
[Result "1-0"]
[WhiteElo "1882"]
[BlackElo "1782"]
[PlyCount "73"]
[EventDate "2013.??.??"]
[EventType "team-tourn"]
[EventRounds "9"]
[EventCountry "GER"]
[SourceDate "2013.10.20"]
[WhiteTeam "SAV Torgelow-Drögeheide 90"]
[BlackTeam "FHSG Stralsund"]
[WhiteTeamCountry "GER"]
[BlackTeamCountry "GER"]

1. e4 g6 2. d4 Bg7 3. Nc3 d6 4. Bc4 Nf6 5. Nf3 O-O 6. O-O e6 7. Bg5 h6 8. Bh4
g5 9. Bg3 Nh5 10. Qd2 b6 11. d5 e5 12. Nd1 Ba6 13. Bd3 Nf4 14. Ne3 Bc8 15. Rac1
Nd7 16. h4 f6 17. b4 a5 18. a3 axb4 19. axb4 Ba6 20. Ra1 Bxd3 21. cxd3 Qb8 22.
Nf5 Kf7 23. Nh2 Qb7 24. Bxf4 exf4 25. Qe2 Kg6 26. Qg4 Kh7 27. d4 Rf7 28. Qh5
Kg8 29. Ng4 Kf8 30. Ngxh6 Bxh6 31. Qxh6+ Ke8 32. hxg5 fxg5 33. Qxg5 Rxa1 34.
Rxa1 Nf6 35. Qg6 Kf8 36. Nh6 c5 37. dxc6 1-0

[Event "Verbandsliga MVP 2013-14"]
[Site "MVP"]
[Date "2014.04.06"]
[Round "8.7"]
[White "Klepin, Wilfried"]
[Black "Bigalke, Steffen"]
[Result "1/2-1/2"]
[WhiteElo "1822"]
[BlackElo "1842"]
[PlyCount "31"]
[EventDate "2013.??.??"]
[EventType "team-tourn"]
[EventRounds "9"]
[EventCountry "GER"]
[SourceDate "2013.10.20"]
[WhiteTeam "FHSG Stralsund"]
[BlackTeam "SAV Torgelow-Drögeheide 90"]
[WhiteTeamCountry "GER"]
[BlackTeamCountry "GER"]

1. d4 d5 2. f4 Nf6 3. Nf3 e6 4. e3 Nbd7 5. Bd3 Be7 6. O-O O-O 7. Nbd2 Re8 8.
Qe2 Nf8 9. Ne5 N6d7 10. Qg4 f5 11. Qh3 c5 12. c3 Qb6 13. g4 g6 14. Kh1 Nf6 15.
g5 Ne4 16. Ndf3 1/2-1/2

[Event "Verbandsliga MVP 2013-14"]
[Site "MVP"]
[Date "2014.04.06"]
[Round "8.8"]
[White "Massloch, Philipp"]
[Black "Glawe, Hartmut"]
[Result "0-1"]
[WhiteElo "1648"]
[BlackElo "1825"]
[PlyCount "50"]
[EventDate "2013.??.??"]
[EventType "team-tourn"]
[EventRounds "9"]
[EventCountry "GER"]
[SourceDate "2013.10.20"]
[WhiteTeam "SAV Torgelow-Drögeheide 90"]
[BlackTeam "FHSG Stralsund"]
[WhiteTeamCountry "GER"]
[BlackTeamCountry "GER"]

1. e4 c5 2. Nc3 Nc6 3. f4 e6 4. Nf3 d5 5. Bb5 d4 6. Nb1 Nf6 7. d3 Qa5+ 8. c3
Qxb5 9. cxd4 cxd4 10. O-O Ng4 11. Nxd4 Nxd4 12. Qxg4 Qxd3 13. Nc3 h5 14. Qh4
Ne2+ 15. Nxe2 Qxe2 16. Re1 Bc5+ 17. Kh1 Bf2 18. Rxe2 Bxh4 19. Be3 Bd7 20. Rd1
Bc6 21. Bc5 Be7 22. Bg1 O-O 23. b3 Rfd8 24. Rde1 Bb4 25. Rb1 Rd2 0-1

[Event "Verbandsliga MVP 2013-14"]
[Site "MVP"]
[Date "2014.04.06"]
[Round "8.1"]
[White "Weber, Max"]
[Black "Schinke, Andreas"]
[Result "1/2-1/2"]
[WhiteElo "2097"]
[BlackElo "2061"]
[PlyCount "59"]
[EventDate "2013.??.??"]
[EventType "team-tourn"]
[EventRounds "9"]
[EventCountry "GER"]
[SourceDate "2013.10.20"]
[WhiteTeam "SSC Rostock 07 II"]
[BlackTeam "SV Blau-Weiß Grevesmühlen"]
[WhiteTeamCountry "GER"]
[BlackTeamCountry "GER"]

1. d4 Nf6 2. c4 g6 3. Nc3 Bg7 4. e4 d6 5. Be2 O-O 6. Nf3 e5 7. O-O Nc6 8. d5
Ne7 9. Ne1 Nd7 10. f3 f5 11. g4 fxg4 12. fxg4 Rxf1+ 13. Kxf1 a5 14. Nd3 Nc5 15.
Nxc5 dxc5 16. Be3 b6 17. Kg2 Bb7 18. g5 Nc8 19. Nb5 Nd6 20. Nxd6 cxd6 21. Bg4
Bc8 22. Qe2 Bxg4 23. Qxg4 Qc8 24. h3 Qxg4+ 25. hxg4 Rb8 26. a4 Bf8 27. Ra3 Be7
28. Rb3 Bd8 29. Bd2 Ra8 30. Rf3 1/2-1/2

[Event "Verbandsliga MVP 2013-14"]
[Site "MVP"]
[Date "2014.04.06"]
[Round "8.2"]
[White "Boehme, Andy"]
[Black "Engel, Gunnar"]
[Result "1/2-1/2"]
[WhiteElo "1995"]
[BlackElo "2040"]
[PlyCount "55"]
[EventDate "2013.??.??"]
[EventType "team-tourn"]
[EventRounds "9"]
[EventCountry "GER"]
[SourceDate "2013.10.20"]
[WhiteTeam "SV Blau-Weiß Grevesmühlen"]
[BlackTeam "SSC Rostock 07 II"]
[WhiteTeamCountry "GER"]
[BlackTeamCountry "GER"]

1. Nf3 Nf6 2. e3 g6 3. b4 Bg7 4. Bb2 O-O 5. d4 d5 6. Nbd2 c6 7. Bd3 a5 8. a3
axb4 9. axb4 Rxa1 10. Qxa1 Bf5 11. Bxf5 gxf5 12. Ne5 Nbd7 13. O-O Ne4 14. Nxe4
fxe4 15. Nxd7 Qxd7 16. Qa7 Kh8 17. h3 Rg8 18. Kh1 Bf6 19. Bc3 e6 20. g3 Be7 21.
Qa1 Bd6 22. Qd1 Qe7 23. Qh5 Rg5 24. Qh4 Qf6 25. Kg1 Qg6 26. Kg2 f5 27. Ra1 h6
28. Ra8+ 1/2-1/2

[Event "Verbandsliga MVP 2013-14"]
[Site "MVP"]
[Date "2014.04.06"]
[Round "8.3"]
[White "Hodl, Ingolf"]
[Black "Kross, Gunnar"]
[Result "1/2-1/2"]
[WhiteElo "1979"]
[BlackElo "1972"]
[PlyCount "111"]
[EventDate "2013.??.??"]
[EventType "team-tourn"]
[EventRounds "9"]
[EventCountry "GER"]
[SourceDate "2013.10.20"]
[WhiteTeam "SSC Rostock 07 II"]
[BlackTeam "SV Blau-Weiß Grevesmühlen"]
[WhiteTeamCountry "GER"]
[BlackTeamCountry "GER"]

1. g3 Nf6 2. Bg2 d5 3. Nf3 c5 4. d3 Nc6 5. Nbd2 e5 6. e4 dxe4 7. dxe4 Bg4 8. h3
Bh5 9. c3 Qc7 10. Qc2 Be7 11. O-O O-O 12. Nc4 Rad8 13. Bg5 h6 14. Bxf6 Bxf6 15.
Ne3 Ne7 16. Rfd1 Bg6 17. c4 Qc6 18. Nh2 Rd4 19. Nf5 Bxf5 20. exf5 Qd7 21. Nf3
Rxd1+ 22. Rxd1 Qc8 23. g4 Nc6 24. Qe4 Rd8 25. Rd2 Nd4 26. Nxd4 cxd4 27. b3 b5
28. Bf1 b4 29. Bd3 Qc5 30. Qb7 Bg5 31. Re2 Bf4 32. Kg2 Kf8 33. Re1 Qe7 34.
Qxe7+ Kxe7 35. Kf3 Rd6 36. Re2 Rc6 37. Ke4 Kd6 38. Re1 Kc5 39. Rb1 Ra6 40. Rb2
Ra3 41. Be2 a5 42. Bd1 a4 43. h4 f6 44. Re2 axb3 45. Bxb3 Ra8 46. h5 d3 47.
Kxd3 Rd8+ 48. Ke4 Rd4+ 49. Kf3 Rd3+ 50. Ke4 Rd4+ 51. Kf3 Bg5 52. Re4 Rd3+ 53.
Kg2 Rd2 54. Kf3 Rd3+ 55. Kg2 Rd2 56. Kf3 1/2-1/2

[Event "Verbandsliga MVP 2013-14"]
[Site "MVP"]
[Date "2014.04.06"]
[Round "8.4"]
[White "Naujok, Joerg"]
[Black "Pererva, Viktor"]
[Result "0-1"]
[WhiteElo "1931"]
[BlackElo "1960"]
[PlyCount "112"]
[EventDate "2013.??.??"]
[EventType "team-tourn"]
[EventRounds "9"]
[EventCountry "GER"]
[SourceDate "2013.10.20"]
[WhiteTeam "SV Blau-Weiß Grevesmühlen"]
[BlackTeam "SSC Rostock 07 II"]
[WhiteTeamCountry "GER"]
[BlackTeamCountry "GER"]

1. Nf3 Nf6 2. g3 d5 3. Bg2 Bf5 4. d3 Nc6 5. O-O e5 6. Nbd2 Qd7 7. e4 dxe4 8.
dxe4 Bg4 9. c3 Bc5 10. Qc2 a6 11. Nc4 Qe6 12. Ne3 Bxe3 13. Bxe3 O-O 14. Ng5 Qe7
15. f3 Bd7 16. b4 Rfd8 17. a4 h6 18. Nh3 Be6 19. Rfd1 Bc4 20. Nf2 Rxd1+ 21.
Rxd1 Rd8 22. Bc5 Qe8 23. Bf1 Bxf1 24. Rxd8 Nxd8 25. Kxf1 Ne6 26. Be3 Qc6 27.
Qb3 Nd7 28. Nd3 Qd6 29. Ke2 Ng5 30. Qd5 Qxd5 31. exd5 e4 32. fxe4 Nxe4 33. Bd4
b5 34. axb5 axb5 35. Nc5 Nef6 36. Bxf6 Nxf6 37. Na6 Nxd5 38. Kd3 f5 39. Kd4 c6
40. Nb8 Ne7 41. Ke5 Kf7 42. h4 g5 43. hxg5 hxg5 44. Nxc6 Nxc6+ 45. Kxf5 g4 46.
Kxg4 Ke6 47. Kf4 Kd5 48. Ke3 Ne5 49. Kf4 Nf7 50. Ke3 Kc4 51. Kd2 Ng5 52. g4
Ne4+ 53. Ke3 Nxc3 54. g5 Nd5+ 55. Ke4 Ne7 56. Ke5 Ng6+ 0-1

[Event "Verbandsliga MVP 2013-14"]
[Site "MVP"]
[Date "2014.04.06"]
[Round "8.5"]
[White "Brack, Peter"]
[Black "Stiegler, Maik"]
[Result "1/2-1/2"]
[WhiteElo "1975"]
[BlackElo "1897"]
[PlyCount "57"]
[EventDate "2013.??.??"]
[EventType "team-tourn"]
[EventRounds "9"]
[EventCountry "GER"]
[SourceDate "2013.10.20"]
[WhiteTeam "SSC Rostock 07 II"]
[BlackTeam "SV Blau-Weiß Grevesmühlen"]
[WhiteTeamCountry "GER"]
[BlackTeamCountry "GER"]

1. d4 Nf6 2. Nf3 g6 3. c4 Bg7 4. Nc3 O-O 5. e3 d6 6. Be2 Nbd7 7. O-O e5 8. b3
Ne8 9. Ba3 f5 10. dxe5 Nxe5 11. Bb2 Be6 12. g3 h6 13. Qd2 Nf6 14. Nd5 Bf7 15.
Rad1 a6 16. Kg2 Qe8 17. Kg1 Rd8 18. Nc3 Ne4 19. Qc1 Kh7 20. Nd5 Rd7 21. Qa1
Bxd5 22. Rxd5 Nxf3+ 23. Bxf3 Bxb2 24. Qxb2 b6 25. Rfd1 Re7 26. Bg2 a5 27. h4
Nf6 28. R5d3 Ne4 29. Rd5 1/2-1/2